000 00357nam a2200133Ia 4500
008 240624s9999 xx 000 0 und d
041 _aeng
082 _a920 AGU
100 _aAGUIAR BENNY
245 _aINDIRA GANDHI A POLITICAL BIOGRAPHY
260 _c2007
_aNew Delhi
_bVitasta Publishing Pvt. Ltd.
300 _ax, : 220 : p. : cm. ; 22
365 _cRS
_b20
999 _c6903
_d6903